Les joueurs les plus décisifs du Barça 23/24 - Statistiques

Statistiques générales
  • Ce quiz a été pris 562 fois
  • Le résultat moyen est 7 sur 10
Statistiques - réponses
Joueurs % Correct
9. Pedri
94%
1. Lewandowski
92%
6. Yamal
88%
2. Raphinha
84%
5. Torres
62%
10. Kounde
60%
3. Gundogan
51%
8. Cancelo
43%
4. Felix
40%
7. Fermin Lopez
40%
Aucun quiz correspondant
Distribution des résultats
% des personnes avec chaque résultat
Percentile par nombre de réponses
Votre historique - résultats
Vous n’avez pas pris ce quiz